[Event "TCh-Moscow 2014"]
[Site "Moscow RUS"]
[Date "2014.10.11"]
[Round "10.3"]
[White "Deviatkin, Andrei"]
[Black "Dvalishvili, Pavel S."]
[Result "1/2-1/2"]
[WhiteTitle "GM"]
[BlackTitle "IM"]
[WhiteElo "2520"]
[BlackElo "2439"]
[WhiteTeam "Navigator"]
[BlackTeam "School Chess School Anatoly Karpov"]
[WhiteFideId "4121260"]
[BlackFideId "4121996"]
[EventDate "2014.09.27"]

1. d4 Nf6 2. Nf3 d6 3. Nc3 g6 4. h3 Bg7 5. e4 O-O 6. Be3 b6 7. Bd3 Bb7 8. O-O c5
9. d5 Na6 10. Re1 Nc7 11. Bg5 Re8 12. Bc4 a6 13. a4 Nd7 14. Qd2 Rb8 15. Ra2 Bc8
16. Nd1 Ne5 17. Nxe5 Bxe5 18. Ne3 b5 19. axb5 axb5 20. Be2 Bf6 21. Ng4 Bxg4 22.
Bxg4 Bxg5 23. Qxg5 b4 24. Ra7 Ra8 25. Rxa8 Nxa8 26. h4 Nc7 27. c4 bxc3 28. bxc3
e6 29. dxe6 Nxe6 30. Qxd8 Rxd8 31. Rb1 Nf8 32. Kf1 h5 33. Be2 Nd7 34. Rb7 Nf6
35. f3 d5 36. e5 Nd7 37. f4 c4 38. Rb5 Nf8 39. Kf2 Ne6 40. g3 d4 41. cxd4 Nxd4
42. Rc5 Nxe2 43. Kxe2 Rd3 44. Rxc4 Rxg3 1/2-1/2

[Event "TCh-Moscow 2014"]
[Site "Moscow RUS"]
[Date "2014.10.11"]
[Round "10.3"]
[White "Arslanov, Shamil"]
[Black "Sarana, Alexey"]
[Result "1/2-1/2"]
[WhiteTitle "IM"]
[WhiteElo "2407"]
[BlackElo "2411"]
[WhiteTeam "School Chess School Anatoly Karpov"]
[BlackTeam "Navigator"]
[WhiteFideId "4192826"]
[BlackFideId "24133795"]
[EventDate "2014.09.27"]

1. Nf3 Nf6 2. c4 g6 3. Nc3 d5 4. cxd5 Nxd5 5. Qa4+ Bd7 6. Qb3 Nb6 7. d4 Be6 8.
Qd1 Bg7 9. e4 O-O 10. h3 Bc4 11. Bxc4 Nxc4 12. O-O Nc6 13. Qe2 Nb6 14. d5 Ne5
15. Nxe5 Bxe5 16. Bh6 Re8 17. f4 Bd4+ 18. Kh1 c6 19. f5 cxd5 20. e5 e6 21. fxg6
fxg6 22. Nb5 Qh4 23. Bf4 Rf8 24. Nxd4 Rxf4 25. Nxe6 Re4 26. Qf3 Qe7 27. Ng5 Qxg5
28. Qf7+ Kh8 29. Rac1 Re2 30. g3 Nc4 31. b3 Nxe5 32. Qxb7 Re8 33. Rc8 Nf3 34.
Rxf3 Re1+ 35. Kg2 Re2+ 36. Kh1 1/2-1/2

[Event "TCh-Moscow 2014"]
[Site "Moscow RUS"]
[Date "2014.10.11"]
[Round "10.3"]
[White "Babarykin, Stanislav"]
[Black "Babikov, Ivan"]
[Result "1-0"]
[WhiteTitle "FM"]
[BlackTitle "FM"]
[WhiteElo "2378"]
[BlackElo "2273"]
[WhiteTeam "Navigator"]
[BlackTeam "School Chess School Anatoly Karpov"]
[WhiteFideId "4101898"]
[BlackFideId "4161106"]
[EventDate "2014.09.27"]

1. d4 d5 2. Bf4 Nf6 3. e3 Nbd7 4. Nf3 Nh5 5. Bg5 h6 6. Bh4 g5 7. Ne5 Nxe5 8.
dxe5 Ng7 9. Bg3 Nf5 10. Bd3 h5 11. Bxf5 Bxf5 12. h4 g4 13. Nc3 c6 14. Qe2 e6 15.
e4 Bxe4 16. Nxe4 dxe4 17. O-O Qb6 18. Qxe4 O-O-O 19. Rad1 Rxd1 20. Rxd1 Qxb2 21.
Qd3 Bc5 22. Qd7+ Kb8 23. Qxf7 Qxc2 24. Rd7 Qxa2 25. Rxb7+ Ka8 26. Qc7 Qa6 27.
Rb1 Rf8 28. Qd7 Qc8 29. Qd3 Bb6 30. Qa3 Bd4 31. Qa4 c5 32. Rb6 Qe8 33. Qa2 Qc8
34. Rxe6 c4 35. Rd6 Bc5 36. Rd1 Qc6 37. Kh1 Bb6 38. Rd6 Qc5 39. Qc2 c3 40. Qe4+
Kb8 41. Rc6 Qd4 42. e6+ Kb7 43. Rxb6+ 1-0

[Event "TCh-Moscow 2014"]
[Site "Moscow RUS"]
[Date "2014.10.11"]
[Round "10.3"]
[White "Losev, Dmitry"]
[Black "Lomasov, Semen"]
[Result "1-0"]
[WhiteTitle "IM"]
[WhiteElo "2270"]
[BlackElo "2259"]
[WhiteTeam "School Chess School Anatoly Karpov"]
[BlackTeam "Navigator"]
[WhiteFideId "4105958"]
[BlackFideId "24164879"]
[EventDate "2014.09.27"]

1. e4 e6 2. d4 d5 3. Nd2 c5 4. exd5 Qxd5 5. Ngf3 cxd4 6. Bc4 Qd6 7. O-O Nf6 8.
Nb3 Nc6 9. Nbxd4 Nxd4 10. Nxd4 Qc7 11. Qe2 Bd7 12. Nb5 Qb6 13. Rd1 a6 14. Be3
Qc6 15. Nc3 b5 16. Bb3 Qb7 17. Bd4 Bc6 18. Bxe6 fxe6 19. Qxe6+ Be7 20. Bc5 Ng8
21. Nd5 Qc8 22. Qe5 Bxd5 23. Rxd5 Kf7 24. Rad1 Qe6 25. Qf4+ Qf6 26. Qc7 Re8 27.
Re1 Kg6 28. Qg3+ Kf7 29. Qb3 Kf8 30. Rde5 Rd8 31. Rxe7 Nxe7 32. Rxe7 Qxe7 33.
Bxe7+ Kxe7 34. Qe3+ Kf7 35. Qa7+ Ke6 36. g3 Ra8 37. Qxg7 h5 38. h4 a5 39. c3 Kd5
40. Qb7+ Kc5 41. Qc7+ Kd5 42. Qb6 Kc4 43. Qd4# 1-0

[Event "TCh-Moscow 2014"]
[Site "Moscow RUS"]
[Date "2014.10.11"]
[Round "10.3"]
[White "Mesropov, Konstantin"]
[Black "Drozdova, Dina"]
[Result "1-0"]
[WhiteTitle "IM"]
[BlackTitle "WIM"]
[WhiteElo "2431"]
[BlackElo "2234"]
[WhiteTeam "Navigator"]
[BlackTeam "School Chess School Anatoly Karpov"]
[WhiteFideId "4116887"]
[BlackFideId "4170695"]
[EventDate "2014.09.27"]

1. d4 Nf6 2. Bg5 e6 3. Nd2 h6 4. Bh4 c5 5. e3 cxd4 6. exd4 Be7 7. Ngf3 d6 8. Bd3
Nbd7 9. O-O O-O 10. c4 b6 11. Qe2 Bb7 12. Rad1 Rc8 13. b3 Re8 14. h3 Nh5 15.
Bxe7 Qxe7 16. Qe3 Qf6 17. Ne4 Bxe4 18. Qxe4 Nf8 19. Rfe1 Nf4 20. Bf1 g5 21. g3
N4g6 22. Bg2 Rc7 23. Nh2 Qg7 24. Qf3 Nd7 25. Ng4 Rf8 26. Qe2 Kh8 27. Ne3 f5 28.
Nc2 Rf6 29. Nb4 Ndf8 30. a4 Rcf7 31. Nd3 Nd7 32. a5 Ne7 33. axb6 axb6 34. Ne5
dxe5 35. dxe5 Nxe5 36. Qxe5 f4 37. Qb8+ Rf8 38. Qxb6 Qg6 39. Rd8 Rxd8 40. Qxd8+
Ng8 41. Qd4 Qf7 42. Ra1 Qc7 43. Ra7 e5 44. Rxc7 exd4 45. Be4 1-0

[Event "TCh-Moscow 2014"]
[Site "Moscow RUS"]
[Date "2014.10.11"]
[Round "10.3"]
[White "Kuznetsov, Mikhail V."]
[Black "Golynsky, Yuri"]
[Result "1/2-1/2"]
[WhiteElo "2231"]
[BlackElo "2115"]
[WhiteTeam "School Chess School Anatoly Karpov"]
[BlackTeam "Navigator"]
[WhiteFideId "4194900"]
[BlackFideId "4101952"]
[EventDate "2014.09.27"]

1. d4 Nf6 2. Nf3 e6 3. g3 d5 4. Bg2 c5 5. O-O Nc6 6. c4 Be7 7. cxd5 Nxd5 8. Nc3
Nxc3 9. bxc3 cxd4 10. cxd4 O-O 11. e4 Bf6 12. Be3 b6 13. Rc1 Bb7 14. Qd3 Nxd4
15. Nxd4 e5 16. Rfd1 exd4 17. Bxd4 1/2-1/2

[Event "TCh-Moscow 2014"]
[Site "Moscow RUS"]
[Date "2014.10.11"]
[Round "10.5"]
[White "Mozharov, Mikhail"]
[Black "Geivondian, Arman"]
[Result "1-0"]
[WhiteTitle "GM"]
[WhiteElo "2555"]
[BlackElo "2221"]
[WhiteTeam "Academy GMs I & V Glek"]
[BlackTeam "School Chess School Anatoly Karpov"]
[WhiteFideId "4189825"]
[BlackFideId "24102032"]
[EventDate "2014.09.27"]

1. e4 e6 2. d4 d5 3. Nc3 Nf6 4. Bg5 dxe4 5. Nxe4 Nbd7 6. Nf3 h6 7. Nxf6+ Nxf6 8.
Bxf6 Qxf6 9. Bb5+ c6 10. Bd3 Bd7 11. Qe2 Bd6 12. O-O-O O-O-O 13. Kb1 c5 14. Be4
Kb8 15. Qc4 cxd4 16. Qb3 Bc8 17. Nxd4 Ka8 18. Nc6 Rd7 19. Qe3 Bb8 20. Rxd7 Bxd7
21. Nxb8 Kxb8 22. Rd1 Bc8 23. a3 e5 24. Qc5 Re8 25. Qb5 Re6 26. f3 Rd6 27. Rxd6
Qxd6 28. Qe8 Qe6 29. Qd8 f5 30. Bd5 Qd7 31. Qg8 Qe7 32. Bc4 e4 33. fxe4 fxe4 34.
Be2 Kc7 35. Qc4+ Kb8 36. g3 Qe5 37. Qg8 Kc7 38. Qf7+ Kb8 39. Kc1 a5 40. c3 Ka7
41. Qc4 Kb8 42. Kd1 Bd7 43. Ke1 Bc6 44. b4 axb4 45. axb4 Bd7 46. b5 b6 47. Kf2
Qf5+ 48. Ke3 Qg5+ 49. Kxe4 Bc8 50. Kf3 Bb7+ 51. Kf2 Qf5+ 52. Ke3 Qh3 53. Qg8+
Bc8 54. Qxg7 Qe6+ 55. Kf2 Qf5+ 56. Ke1 Qb1+ 57. Bd1 Qxb5 58. Qxh6 Qc5 59. Qf4+
Ka7 60. Qd4 Qe7+ 61. Kf2 Ba6 62. Bf3 Qh7 63. Qe4 Qxh2+ 64. Bg2 Qh8 65. Qe7+ Kb8
66. Qd6+ Kc8 67. Qc6+ 1-0

[Event "TCh-Moscow 2014"]
[Site "Moscow RUS"]
[Date "2014.10.11"]
[Round "10.5"]
[White "Aleksandrovskiy, Dmitriy"]
[Black "Golubev, Roman"]
[Result "1/2-1/2"]
[WhiteElo "2184"]
[BlackElo "2324"]
[WhiteTeam "School Chess School Anatoly Karpov"]
[BlackTeam "Academy GMs I & V Glek"]
[WhiteFideId "24190497"]
[BlackFideId "14202344"]
[EventDate "2014.09.27"]

1. e4 c5 2. Nf3 d6 3. d4 cxd4 4. Qxd4 Bd7 5. Bg5 Nc6 6. Qe3 Nf6 7. h3 a6 8. Nbd2
e5 9. a4 Be7 10. Nc4 Be6 11. c3 O-O 12. Rd1 Bxc4 13. Bxc4 Qc7 14. O-O Na5 15.
Ba2 Nc4 16. Bxc4 Qxc4 17. Bxf6 Bxf6 18. Rxd6 Qxa4 19. Rxf6 gxf6 20. Nh4 Kh8 21.
Qh6 Qc6 22. Nf5 Rg8 23. Ne7 Rg6 24. Qxg6 Qe6 25. Qh5 Qxe7 26. Rd1 Rg8 27. Qf5
Rd8 28. Rd5 b5 29. h4 Kg7 30. Qg4+ Kf8 31. Qf5 Kg7 32. b4 Rxd5 33. exd5 Qd6 34.
Qg4+ Kf8 35. c4 Qxb4 36. Qc8+ Kg7 37. Qg4+ Kf8 38. Qc8+ Kg7 39. c5 Qe1+ 40. Kh2
Qxf2 41. Qg4+ Kf8 42. c6 h5 43. Qxh5 Qf4+ 44. Kh3 Ke7 45. c7 Qc4 46. Qf3 Qxc7
47. h5 Qc1 48. d6+ Kxd6 49. Qxf6+ Kd5 1/2-1/2

[Event "TCh-Moscow 2014"]
[Site "Moscow RUS"]
[Date "2014.10.11"]
[Round "10.5"]
[White "Alikulov, Elbek"]
[Black "Gurvich, Vitaly"]
[Result "1-0"]
[WhiteTitle "FM"]
[WhiteElo "2232"]
[BlackElo "2095"]
[WhiteTeam "Academy GMs I & V Glek"]
[BlackTeam "School Chess School Anatoly Karpov"]
[WhiteFideId "14203308"]
[BlackFideId "24164852"]
[EventDate "2014.09.27"]

1. e4 c5 2. Nf3 d6 3. d4 cxd4 4. Nxd4 Nf6 5. Nc3 a6 6. Bc4 e6 7. Bb3 b5 8. Bg5
Be7 9. Qf3 Qc7 10. O-O-O O-O 11. e5 Bb7 12. exf6 Bxf3 13. fxe7 Re8 14. gxf3 Nd7
15. Rhg1 d5 16. Rg4 b4 17. Bf4 Qa7 18. Nxd5 exd5 19. Nf5 g6 20. Bxd5 Nf6 21.
Nh6+ Kg7 22. Be5 Rxe7 23. Nf5+ Kf8 24. Bxf6 gxf5 25. Bg7+ Kg8 26. Rg2 Rd8 27.
Rdg1 Re1+ 28. Rxe1 1-0

[Event "TCh-Moscow 2014"]
[Site "Moscow RUS"]
[Date "2014.10.11"]
[Round "10.5"]
[White "Borodin, Aleksey"]
[Black "Vdovin, Vadim"]
[Result "0-1"]
[WhiteElo "1833"]
[BlackElo "2314"]
[WhiteTeam "School Chess School Anatoly Karpov"]
[BlackTeam "Academy GMs I & V Glek"]
[WhiteFideId "34102164"]
[BlackFideId "24107158"]
[EventDate "2014.09.27"]

1. e4 e6 2. d4 d5 3. Nd2 Nf6 4. e5 Nfd7 5. Bd3 c5 6. c3 Nc6 7. Ne2 cxd4 8. cxd4
f6 9. Nf4 Nxd4 10. Qh5+ Ke7 11. Ng6+ hxg6 12. exf6+ Nxf6 13. Qxh8 Kf7 14. Qh4 e5
15. O-O e4 16. Bxe4 dxe4 17. Nxe4 Qd5 18. Ng5+ Kg8 19. Be3 Nf5 20. Qf4 Bd6 21.
Qf3 Qe5 22. g3 Nxe3 23. Qxe3 Qxe3 24. fxe3 Bc5 25. Kg2 Ng4 26. Rf7 Bxe3 0-1

[Event "TCh-Moscow 2014"]
[Site "Moscow RUS"]
[Date "2014.10.11"]
[Round "10.5"]
[White "Fominykh, Maria"]
[Black "Tsvetkov, Andrey"]
[Result "1-0"]
[WhiteTitle "WIM"]
[BlackTitle "CM"]
[WhiteElo "2292"]
[BlackElo "1803"]
[WhiteTeam "Academy GMs I & V Glek"]
[BlackTeam "School Chess School Anatoly Karpov"]
[WhiteFideId "4142411"]
[BlackFideId "34139360"]
[EventDate "2014.09.27"]

1. d4 Nf6 2. Nf3 g6 3. c4 Bg7 4. Nc3 d5 5. cxd5 Nxd5 6. Bd2 O-O 7. e4 Nb6 8. Be3
Nc6 9. h3 e5 10. d5 Ne7 11. Qd2 f5 12. O-O-O fxe4 13. Ng5 Nf5 14. Ngxe4 Nxe3 15.
Qxe3 Bf5 16. f3 Qh4 17. Kb1 Qf4 18. Qe1 Rad8 19. Bd3 Bh6 20. Ka1 Kh8 21. Nc5
Nxd5 22. Bxf5 Nxc3 23. Rxd8 Rxd8 24. Ne6 Qxf5 25. Nxd8 Nd5 26. Qe4 Qxe4 27. fxe4
Nf6 28. Nxb7 Nxe4 29. Re1 Nd6 30. Nc5 Bf4 31. Ne6 Bg3 32. Re3 Nf5 33. Re4 c6 34.
Nd8 Nd6 35. Re3 Bf4 36. Re2 e4 37. Nxc6 e3 38. Kb1 Nf5 39. Kc2 Bg3 40. Kd3 Bf2
41. Nd4 Ng3 42. Rc2 Nf5 43. Nxf5 gxf5 44. Rc7 f4 45. Rxa7 Kg8 46. Ke2 Bh4 47. a4
Bf6 48. b4 Bd4 49. Rb7 1-0

[Event "TCh-Moscow 2014"]
[Site "Moscow RUS"]
[Date "2014.10.11"]
[Round "10.5"]
[White "Kruglikova, Viktorija"]
[Black "Eyvazov, Elkhan"]
[Result "1-0"]
[WhiteElo "1801"]
[BlackElo "2128"]
[WhiteTeam "School Chess School Anatoly Karpov"]
[BlackTeam "Academy GMs I & V Glek"]
[WhiteFideId "34120596"]
[BlackFideId "24169560"]
[EventDate "2014.09.27"]

1. d4 d5 2. c4 e6 3. g3 Nf6 4. Bg2 Be7 5. Nf3 O-O 6. O-O Nbd7 7. Nc3 c6 8. Qc2
b6 9. e4 Ba6 10. e5 Ne8 11. Nd2 c5 12. dxc5 Nxe5 13. cxb6 Nxc4 14. Nxc4 Bxc4 15.
Re1 axb6 16. Be3 Bf6 17. Na4 Rb8 18. Rac1 Nd6 19. Bf4 Rc8 20. Qd2 b5 21. b3 Bxb3
22. Rxc8 Nxc8 23. axb3 bxa4 24. bxa4 Nb6 25. Qb4 Nc4 26. Bf1 e5 27. Bc1 Qc7 28.
Rd1 Rb8 29. Qc3 Qc6 30. Qd3 Rd8 31. Qb3 e4 32. Bf4 g5 33. Bc1 Ne5 34. Bb5 Qa8
35. Be2 d4 36. Qb6 Kg7 37. a5 d3 38. Bh5 Rb8 39. Qd6 Rd8 40. Qb6 Nc4 41. Qc7 Qd5
42. a6 Rd7 43. Qb8 Qd4 44. Qb4 Be7 45. Qa4 Bc5 46. Bxg5 Qxf2+ 47. Kh1 Qd4 48.
Qc6 Qd6 49. Qxe4 Qd5 50. Bf3 Qxe4 51. Bxe4 Nb2 52. Rd2 Bd4 53. Bf5 Rd5 54. Bxd3
Rxg5 55. Be4 Ra5 56. Rxd4 Rxa6 57. Kg2 Na4 58. Bd3 Ra7 59. Rg4+ Kh8 60. Rh4 Nc5
61. Bxh7 Kg7 62. Bb1 Rb7 63. Be4 Rb4 64. Rg4+ Kf6 65. Bf3 Rb2+ 66. Kh3 Ne6 67.
Rh4 Ng5+ 68. Kg4 Rb4+ 69. Kh5 Rxh4+ 70. Kxh4 Nxf3+ 71. Kh3 Kg5 72. Kg2 Ne5 73.
h3 Kf5 74. Kf2 Ke4 75. Ke2 Nd3 76. h4 Ne5 77. Kf2 Ng4+ 78. Kg2 Ke3 79. Kh3 Kf3
80. h5 Nh6 81. Kh4 f6 82. Kh3 Ke4 1-0

[Event "TCh-Moscow 2014"]
[Site "Moscow RUS"]
[Date "2014.10.12"]
[Round "11.1"]
[White "Demidov, Mikhail"]
[Black "Sychev, Klementy"]
[Result "1/2-1/2"]
[WhiteTitle "IM"]
[WhiteElo "2499"]
[BlackElo "2407"]
[WhiteTeam "Boavista"]
[BlackTeam "Academy GMs I & V Glek"]
[WhiteFideId "4197143"]
[BlackFideId "4114060"]
[EventDate "2014.09.27"]

1. d4 Nf6 2. g3 g6 3. Bg2 d5 4. Nf3 Bg7 5. O-O O-O 6. c4 Nc6 7. cxd5 Nxd5 8. Nc3
Nb6 9. e3 Re8 10. Nh4 e5 1/2-1/2

[Event "TCh-Moscow 2014"]
[Site "Moscow RUS"]
[Date "2014.10.12"]
[Round "11.1"]
[White "Mikhailov, Viacheslav"]
[Black "Golubev, Roman"]
[Result "1/2-1/2"]
[WhiteTitle "FM"]
[WhiteElo "2355"]
[BlackElo "2324"]
[WhiteTeam "Boavista"]
[BlackTeam "Academy GMs I & V Glek"]
[WhiteFideId "4187369"]
[BlackFideId "14202344"]
[EventDate "2014.09.27"]

1. d4 Nf6 2. g3 g6 3. Bg2 d5 4. Nf3 Bg7 5. O-O O-O 6. c4 c6 7. cxd5 cxd5 8. Nc3
Nc6 9. Bf4 a6 10. a3 Ne4 11. Rc1 Nxc3 12. Rxc3 Bf5 13. Qd2 1/2-1/2

[Event "TCh-Moscow 2014"]
[Site "Moscow RUS"]
[Date "2014.10.12"]
[Round "11.1"]
[White "Okun, Evgeny"]
[Black "Vdovin, Vadim"]
[Result "1/2-1/2"]
[WhiteElo "2121"]
[BlackElo "2314"]
[WhiteTeam "Boavista"]
[BlackTeam "Academy GMs I & V Glek"]
[WhiteFideId "24131806"]
[BlackFideId "24107158"]
[EventDate "2014.09.27"]

1. c4 Nf6 2. Nc3 g6 3. g3 Bg7 4. Bg2 O-O 5. e3 e5 6. Nge2 Nc6 7. O-O d6 8. d3
Rb8 9. Nd5 Be6 10. Rb1 Qd7 1/2-1/2

[Event "TCh-Moscow 2014"]
[Site "Moscow RUS"]
[Date "2014.10.12"]
[Round "11.3"]
[White "Popov, Ivan RUS"]
[Black "Sarana, Alexey"]
[Result "1-0"]
[WhiteTitle "GM"]
[WhiteElo "2627"]
[BlackElo "2411"]
[WhiteTeam "Palace"]
[BlackTeam "Navigator"]
[WhiteFideId "4170350"]
[BlackFideId "24133795"]
[EventDate "2014.09.27"]

1. e4 c5 2. Nf3 d6 3. d4 cxd4 4. Nxd4 Nf6 5. Nc3 a6 6. h3 e5 7. Nde2 h5 8. g3
Be7 9. Bg2 b5 10. Nd5 Nxd5 11. Qxd5 Ra7 12. Be3 Be6 13. Qd2 Rb7 14. Nc3 Nd7 15.
Nd5 Bxd5 16. Qxd5 Qc8 17. Qd2 h4 18. O-O-O hxg3 19. fxg3 O-O 20. h4 Nb6 21. Bxb6
Rxb6 22. Kb1 b4 23. Bf1 a5 24. b3 d5 25. exd5 e4 26. Bc4 Rg6 27. h5 Rxg3 28. h6
e3 29. Qh2 Qg4 30. hxg7 Qxg7 31. d6 Bf6 32. d7 Rg2 33. Qf4 Ba1 34. Qxf7+ Qxf7
35. d8=Q Kg7 36. Bxf7 1-0

[Event "TCh-Moscow 2014"]
[Site "Moscow RUS"]
[Date "2014.10.12"]
[Round "11.3"]
[White "Golubov, Saveliy"]
[Black "Krapivin, Alexander"]
[Result "0-1"]
[BlackTitle "GM"]
[WhiteElo "2347"]
[BlackElo "2442"]
[WhiteTeam "Navigator"]
[BlackTeam "Palace"]
[WhiteFideId "24176729"]
[BlackFideId "4154720"]
[EventDate "2014.09.27"]

1. e4 c5 2. Nf3 e6 3. b3 Nc6 4. Bb2 d6 5. Bb5 Bd7 6. O-O Nf6 7. Qe2 Be7 8. e5
dxe5 9. Nxe5 Nxe5 10. Bxe5 O-O 11. Bd3 Bc6 12. Nc3 Bd6 13. f4 g6 14. Rae1 b6 15.
a4 Be7 16. Kh1 Nd5 17. Nxd5 Bxd5 18. Ba6 Bf6 19. Rd1 Bxe5 20. Qxe5 Qh4 21. d3
Rad8 22. Qc7 Ba8 23. Bc4 Rd4 24. c3 Qd8 25. Qe5 Rd6 26. Rd2 Qd7 27. Bb5 Qe7 28.
Bc4 Rfd8 29. Kg1 Qb7 30. Qg5 Qd7 31. Rdf2 Bd5 32. f5 exf5 33. Rxf5 Bxc4 34. dxc4
Rd1 35. Rxd1 Qxd1+ 36. Rf1 Qd6 37. Re1 Kg7 38. h3 Qf6 39. Qe3 Qf5 40. Rf1 Qe6
41. Qf4 Rd3 42. Rf3 Rd1+ 43. Kh2 Qd6 44. Qxd6 Rxd6 45. Re3 Kf8 46. b4 Rc6 47. b5
Re6 48. Rd3 Ke7 49. a5 Re4 50. a6 f5 51. Kg1 Rxc4 52. Kf2 Re4 53. Kf1 Re5 54. c4
Re4 55. Rc3 Ke6 56. Kf2 h5 57. Kf3 g5 58. Rc1 h4 59. Rc2 Ke5 60. Rc1 g4+ 61.
hxg4 fxg4+ 62. Kf2 Kf4 63. g3+ hxg3+ 64. Kg1 Ke5 65. Rd1 Rd4 66. Re1+ Kd6 67.
Rc1 Rd3 68. Re1 Rd4 69. Rc1 Ke5 70. Re1+ Re4 71. Rd1 Rxc4 72. Rd7 Rb4 73. Rxa7
Rxb5 74. Ra8 Ra5 75. a7 Kd4 76. Rd8+ Kc3 77. a8=Q Rxa8 78. Rxa8 b5 79. Kg2 b4
80. Kxg3 c4 81. Kxg4 Kb2 82. Ra4 Kb3 83. Ra1 c3 84. Rb1+ Ka3 85. Kf3 c2 86. Rh1
Kb2 0-1

[Event "TCh-Moscow 2014"]
[Site "Moscow RUS"]
[Date "2014.10.12"]
[Round "11.3"]
[White "Yudin, Ivan"]
[Black "Babarykin, Stanislav"]
[Result "1/2-1/2"]
[WhiteTitle "FM"]
[BlackTitle "FM"]
[WhiteElo "2301"]
[BlackElo "2378"]
[WhiteTeam "Palace"]
[BlackTeam "Navigator"]
[WhiteFideId "4198751"]
[BlackFideId "4101898"]
[EventDate "2014.09.27"]

1. d4 d5 2. c4 e6 3. Nc3 Nf6 4. Bg5 Be7 5. cxd5 exd5 6. e3 h6 7. Bh4 c6 8. Bd3
O-O 9. Qc2 Nh5 10. Bxe7 Qxe7 11. Nge2 Be6 12. O-O Nd7 13. b4 a5 14. b5 c5 15.
dxc5 Nxc5 16. Bh7+ Kh8 17. Bf5 Qg5 18. Nd4 Rac8 19. Rad1 Nf6 20. Qb1 Rfd8 21.
Nce2 Bxf5 22. Qxf5 Kg8 23. Rc1 Qxf5 24. Nxf5 Kf8 25. Rfd1 g6 26. Nfd4 Nce4 27.
Rxc8 Rxc8 28. Rc1 Rxc1+ 29. Nxc1 Ke7 30. Kf1 Kd6 31. Ke1 Nd7 32. f3 Nec5 33.
Nce2 Nb6 34. Nc3 Nca4 35. Nxa4 Nxa4 36. Nb3 Kc7 37. Nxa5 Kb6 38. Nb3 Nc3 39. Kd2
Nxa2 40. Nd4 Kc5 41. Kd3 Nb4+ 42. Kc3 Na2+ 43. Kb2 Nb4 44. Kc3 Na2+ 1/2-1/2

[Event "TCh-Moscow 2014"]
[Site "Moscow RUS"]
[Date "2014.10.12"]
[Round "11.3"]
[White "Lomasov, Semen"]
[Black "Novikov, Evgenij"]
[Result "1-0"]
[WhiteElo "2259"]
[BlackElo "2156"]
[WhiteTeam "Navigator"]
[BlackTeam "Palace"]
[WhiteFideId "24164879"]
[BlackFideId "4125380"]
[EventDate "2014.09.27"]

1. e4 c5 2. Nf3 Nc6 3. d4 cxd4 4. Nxd4 e5 5. Nb5 a6 6. Nd6+ Bxd6 7. Qxd6 Qf6 8.
Qd3 Qg6 9. Nc3 Nf6 10. a3 O-O 11. Be3 d5 12. Nxd5 Nxe4 13. f3 Nf6 14. Qxg6 hxg6
15. Nb6 Rb8 16. Bc4 Re8 17. O-O-O Be6 18. Bxe6 Rxe6 19. c3 Rd8 20. Rxd8+ Nxd8
21. Rd1 Nc6 22. h3 Re8 23. b4 e4 24. f4 Rd8 25. Rxd8+ Nxd8 26. c4 Kf8 27. Kd2
Ke7 28. Bc5+ Ke8 29. g4 Nd7 30. Nxd7 Kxd7 31. f5 gxf5 32. gxf5 g6 33. fxg6 fxg6
34. Ke3 Ne6 35. Kxe4 Ng5+ 36. Kf4 Ne6+ 37. Ke5 Ng5 38. Kf6 Nxh3 39. Be3 Kd6 40.
a4 a5 41. b5 g5 42. c5+ Kd5 43. Ke7 Nf4 44. c6 Ng6+ 45. Ke8 Kd6 46. Kd8 bxc6 47.
b6 Ne5 48. b7 Nd7 49. Bxg5 c5 50. Kc8 Kc6 51. Bd8 Kd6 52. Bxa5 Kc6 53. b8=Q Nxb8
54. Kxb8 c4 55. Ka7 Kc5 56. Bc3 Kc6 57. a5 Kc7 58. a6 Kc8 59. Be5 c3 60. Bxc3 1-0

[Event "TCh-Moscow 2014"]
[Site "Moscow RUS"]
[Date "2014.10.12"]
[Round "11.3"]
[White "Voloshin, Pavel"]
[Black "Mesropov, Konstantin"]
[Result "1/2-1/2"]
[BlackTitle "IM"]
[WhiteElo "2099"]
[BlackElo "2431"]
[WhiteTeam "Palace"]
[BlackTeam "Navigator"]
[WhiteFideId "24168017"]
[BlackFideId "4116887"]
[EventDate "2014.09.27"]

1. e4 e6 2. d4 d5 3. Nd2 Nf6 4. e5 Nfd7 5. Bd3 c5 6. c3 Nc6 7. Ndf3 cxd4 8. cxd4
f6 9. exf6 Nxf6 10. Ne2 Qc7 11. O-O Bd6 12. Bg5 O-O 13. Qc2 Qf7 14. a3 e5 15.
dxe5 Nxe5 16. Nxe5 Bxe5 17. Bf4 Bxf4 18. Nxf4 Bd7 19. Rad1 Bc6 20. Bf5 Rae8 21.
Rfe1 Rxe1+ 22. Rxe1 Bd7 23. Bxd7 Qxd7 24. Qd3 Re8 25. Rxe8+ Qxe8 26. Qd2 Qe4 27.
f3 Qb1+ 28. Kf2 Qf5 29. Ke1 Qe5+ 30. Kf2 Kf7 31. g3 g5 32. Ne2 g4 33. Qd4 Qf5
34. Qf4 Qxf4 35. Nxf4 Ke7 36. h3 gxh3 37. Nxh3 Kd6 38. Ke3 Kc5 39. Kd3 Nd7 40.
f4 Nf6 41. f5 a5 42. b3 h6 43. Nf2 b6 44. Nh3 Ne4 45. g4 Kd6 46. Kd4 Nd2 47. b4
a4 48. Nf4 Nf3+ 49. Ke3 Ne5 50. Kd4 Nc6+ 51. Kd3 Ne5+ 52. Kd4 Nxg4 53. Nxd5 h5
54. Nxb6 h4 55. Nc4+ Kc6 56. Ne3 Nh6 57. Ke5 h3 58. Nf1 Kd7 59. Kf6 Ng4+ 60. Kg7 1/2-1/2

[Event "TCh-Moscow 2014"]
[Site "Moscow RUS"]
[Date "2014.10.12"]
[Round "11.3"]
[White "Pipnikov, Nikolay"]
[Black "Maslov, Ivan"]
[Result "1-0"]
[WhiteElo "2321"]
[BlackElo "2095"]
[WhiteTeam "Navigator"]
[BlackTeam "Palace"]
[WhiteFideId "4184670"]
[BlackFideId "24169820"]
[EventDate "2014.09.27"]

1. d4 Nf6 2. Nf3 g6 3. c4 Bg7 4. Nc3 O-O 5. e4 d6 6. Be2 e5 7. d5 a5 8. Be3 Nh5
9. g3 f5 10. exf5 Bxf5 11. Nh4 Nf4 12. Nxf5 Nxe2 13. Nxg7 Nxc3 14. bxc3 Kxg7 15.
h4 Nd7 16. h5 Rf5 17. hxg6 hxg6 18. g4 Rf7 19. Qc2 Qf6 20. O-O-O Rh8 21. Rxh8
Kxh8 22. Rh1+ Kg7 23. Rh6 Nb6 24. Qe4 Na4 25. Qh1 Kf8 26. Rh8+ Ke7 27. Qh6 1-0